000 00362cam a2200145ua 4500
041 _aeng
_h
082 _a824
_bORW/DE
100 _aOrwell, George .
245 _aDecline of the English murder /
_cGeorge Orwell.
_hTextual Documents
260 _aBellomore :
_bPenguin Books ,
_c1965.
300 _a188 ; .
504 _a
942 _cBK
999 _c6283
_d6283